00481nam a2200145Ia 4500008004100000020000900041041000800050082001900058100003000077245002800107260004100135906001200176999001700188952013000205221007s9999 xx 000 0 und d a8596 aeng a158.1bHAR/FEL aHarp D & Feldman N997017 4aThe New Minute Mediator c2009bJaico Publishing HouseaMumbai bGeneral c61505d61505 00104070aHIMRbHIMRd2010-09-18eSatya Gilanil0o158.1 HAR/FELpHIMR-AV-1221r2022-10-07 00:00:00w2022-10-07yVCzAV1221